Statistics for Formula One World Champions Quiz

Click here to take the quiz!

General Stats

  • This quiz has been taken 44,034 times
    (31,219 since last reset)
  • The average score is 19 of 33

Answer Stats

YearsNationalityChampion% Correct
2008, 2014, 2015, 2017, 2018, 2019, 2020UKLewis Hamilton
97%
1994, 1995, 2000, 2001, 2002, 2003, 2004GermanyMichael Schumacher
96%
2010, 2011, 2012, 2013GermanySebastian Vettel
90%
1988, 1990, 1991BrazilAyrton Senna
88%
2007FinlandKimi Räikkönen
86%
2005, 2006SpainFernando Alonso
86%
2016GermanyNico Rosberg
80%
2009UKJenson Button
79%
1982FinlandKeke Rosberg
78%
1975, 1977, 1984AustriaNiki Lauda
75%
1985, 1986, 1989, 1993FranceAlain Prost
74%
1998, 1999FinlandMika Häkkinen
72%
1996UKDamon Hill
65%
1962, 1968UKGraham Hill
64%
1961USAPhil Hill
63%
1997CanadaJacques Villeneuve
62%
1992UKNigel Mansell
60%
1951, 1954, 1955, 1956, 1957ArgentinaJuan Manuel Fangio
60%
1976UKJames Hunt
57%
1969, 1971, 1973UKJackie Stewart
53%
1981, 1983, 1987BrazilNelson Piquet
49%
1972, 1974BrazilEmerson Fittipaldi
45%
1959, 1960, 1966AustraliaJack Brabham
40%
1978USAMario Andretti
38%
1963, 1965UKJim Clark
38%
1952, 1953ItalyAlberto Ascari
37%
1980AustraliaAlan Jones
34%
1979South AfricaJody Scheckter
33%
1950ItalyGiuseppe Farina
31%
1970AustriaJochen Rindt
30%
1964UKJohn Surtees
28%
1958UKMike Hawthorn
25%
1967New ZealandDenny Hulme
23%

Score Distribution

Percentile by Number Answered

Percent of People with Each Score

Your Score History

You have not taken this quiz since the last reset